000
00471nam a2200157Ia 4500
008
090711s9999 xx 000 0 und d
082
_b
38413
100
_a
साठे शंकर गो.
245
_a
ससा आणि कासव
260
_c
1964
600
_a
साठे शंकर गो.
630
_a
ससा आणि कासव
700
_a
साठे शंकर गो.
730
_a
ससा आणि कासव
942
_c
BOOK
999
_c
304876
_d
304876